La democratización, la paz y el desarrollo de América Latina /

Guardado en:
書目詳細資料
主要作者: Quiñones Amézquita, Mario
格式: Texto
標簽: 添加標簽
沒有標簽, 成為第一個標記此記錄!

MARC

LEADER 00000 a a2200000 04500
001 47773
003
040
100 |a Quiñones Amézquita, Mario  
245 |a La democratización, la paz y el desarrollo de América Latina /  |c Mario Quiñones Amézquita  
500 |a Discurso al inaugurar el XVI período ordinario de sesiones de la Asamblea General de la Organización de Estados Americanos. (Guatemala, 10 de noviembre, 1986)  
773 |g número4, (octubre-diciembre, 1986), páginas 23-31  
999 |c 20476  |d 20476